| 000 | 00516nam a22001697a 4500 | ||
|---|---|---|---|
| 999 |
_c40739 _d40739 |
||
| 003 | OSt | ||
| 005 | 20200606120139.0 | ||
| 008 | 191031b ||||| |||| 00| 0 eng d | ||
| 020 | _a97881901181101 | ||
| 040 | _cMESKC library | ||
| 082 |
_a891.433 _bAST/H |
||
| 100 |
_aAasthana, Rohithasva _949 |
||
| 245 |
_aHindi Sahitya Ki Pramukh Kahaniyan / _cRohithasva Aasthana |
||
| 260 |
_aDelhi : _bS K Offset Printers, _c2016 |
||
| 300 | _a176p | ||
| 942 |
_2ddc _cBK _h891.433 _iAST/H _k891.433 _mAST/H |
||